The 8th habit : from effectiveness to greatness (Record no. 62222)
[ view plain ]
| 000 -LEADER | |
|---|---|
| fixed length control field | 00663nam a22001937a 4500 |
| 003 - CONTROL NUMBER IDENTIFIER | |
| control field | NUST-PNEC |
| 005 - DATE AND TIME OF LATEST TRANSACTION | |
| control field | 20170116180742.0 |
| 008 - FIXED-LENGTH DATA ELEMENTS--GENERAL INFORMATION | |
| fixed length control field | 141225b xxu||||| |||| 00| 0 eng d |
| 020 ## - INTERNATIONAL STANDARD BOOK NUMBER | |
| International Standard Book Number | 0743206827 |
| 040 ## - CATALOGING SOURCE | |
| Transcribing agency | PNEC |
| 082 ## - DEWEY DECIMAL CLASSIFICATION NUMBER | |
| Classification number | 158 COV |
| 100 ## - MAIN ENTRY--PERSONAL NAME | |
| 9 (RLIN) | 1149 |
| Personal name | Covey Stephen R |
| 245 ## - TITLE STATEMENT | |
| Title | The 8th habit : from effectiveness to greatness |
| Statement of responsibility, etc. | Stephen R Covey |
| 260 ## - PUBLICATION, DISTRIBUTION, ETC. | |
| Place of publication, distribution, etc. | New York : |
| Name of publisher, distributor, etc. | Simon & Schuster, |
| Date of publication, distribution, etc. | ©2004 |
| 300 ## - PHYSICAL DESCRIPTION | |
| Extent | xvi, 408 p. : |
| Other physical details | ill. ; |
| Dimensions | 25 cm. |
| 500 ## - GENERAL NOTE | |
| General note | Includes index. |
| 856 ## - ELECTRONIC LOCATION AND ACCESS | |
| Uniform Resource Identifier | <a href="http://www.amazon.com/8th-Habit-Effectiveness-Greatness/dp/0743206827/ref=sr_1_1?s=books&ie=UTF8&qid=1419498413&sr=1-1&keywords=0743206827">http://www.amazon.com/8th-Habit-Effectiveness-Greatness/dp/0743206827/ref=sr_1_1?s=books&ie=UTF8&qid=1419498413&sr=1-1&keywords=0743206827</a> |
| 942 ## - ADDED ENTRY ELEMENTS (KOHA) | |
| Source of classification or shelving scheme | |
| Koha item type | Book |
| Withdrawn status | Lost status | Source of classification or shelving scheme | Damaged status | Not for loan | Permanent Location | Current Location | Shelving location | Date acquired | Source of acquisition | Cost, normal purchase price | Total Checkouts | Full call number | Barcode | Date last seen | Cost, replacement price | Price effective from | Koha item type | Date last checked out |
|---|---|---|---|---|---|---|---|---|---|---|---|---|---|---|---|---|---|---|
| Pakistan Navy Engineering College (PNEC) | Pakistan Navy Engineering College (PNEC) | Donated By PN Book Club | 0.00 | 158 COV | PNECLIB-029142 | 12/25/2014 | 0.00 | Book | ||||||||||
| Pakistan Navy Engineering College (PNEC) | Pakistan Navy Engineering College (PNEC) | Donated By PN Book Club | 0.00 | 158 COV | PNECLIB-029143 | 12/25/2014 | 0.00 | Book | ||||||||||
| Pakistan Navy Engineering College (PNEC) | Pakistan Navy Engineering College (PNEC) | DONATED | 1 | 158 COV | PNECLIB-032304 | 06/22/2016 | Book | 06/22/2016 | ||||||||||
| Pakistan Navy Engineering College (PNEC) | Pakistan Navy Engineering College (PNEC) | Donated | 158 COV | PNECLIB-032303 | 11/24/2015 | Book | ||||||||||||
| Pakistan Navy Engineering College (PNEC) | Pakistan Navy Engineering College (PNEC) | Donated | 158 COV | PNECLIB-032305 | 11/24/2015 | Book |
